000 00426nam a2200181Ia 4500
001 10513
005 20260306161837.0
008 260306t1970||||xx |||||||||||||| ||spa||
041 _aESP
082 _a940.1
_bCH51
100 _aCharpentier, Louis
_eAUT
245 0 _aEl misterio de los templarios
260 _c1970
300 _a221 páginas :
_c17 cm.
650 _aGEN
654 _aCHU
942 _cLIB
_dJUS
_fJUS
_2ddc
_n
999 _c10513
_d10513